| Tag |
First Indicator |
Second Indicator |
Subfields |
| LEADER |
00000cam a22000007i 4500 |
| 001 |
in00005771237 |
| 005 |
20260327173925.6 |
| 006 |
m o d |
| 007 |
cr cnu---unuuu |
| 008 |
221028s2023 enk fo 000 0 eng d |
| 040 |
|
|
|a UKAHL
|b eng
|e rda
|c UKAHL
|d UKMGB
|d VRC
|d OPELS
|d YDX
|d OCLCF
|d N$T
|d OCLCO
|d SXB
|d OCLCQ
|d OCLCL
|
| 015 |
|
|
|a GBC2K2057
|2 bnb
|
| 016 |
7 |
|
|a 020802886
|2 Uk
|
| 020 |
|
|
|a 0323903207
|q electronic book
|
| 020 |
|
|
|a 9780323903202
|q (electronic bk.)
|
| 020 |
|
|
|z 9780323856829
|q print
|
| 035 |
|
|
|a (OCoLC)1354573347
|
| 037 |
|
|
|a 9780323903202
|b Ingram Content Group
|
| 050 |
|
4 |
|a RS431.P37
|b A57 2023
|
| 082 |
0 |
4 |
|a 615.329
|2 23
|
| 049 |
|
|
|a TXAM
|
| 245 |
0 |
0 |
|a Antimicrobial peptides :
|b challenges and future perspectives /
|c edited by K. Ajesh, K. Sreejith.
|
| 264 |
|
1 |
|a London, United Kingdom :
|b Academic Press,
|c 2023.
|
| 264 |
|
4 |
|c ©2023
|
| 300 |
|
|
|a 1 online resource
|
| 336 |
|
|
|a text
|b txt
|2 rdacontent
|
| 337 |
|
|
|a computer
|b c
|2 rdamedia
|
| 338 |
|
|
|a online resource
|b cr
|2 rdacarrier
|
| 650 |
|
0 |
|a Peptide antibiotics.
|
| 650 |
|
0 |
|a Drug resistance.
|
| 650 |
|
0 |
|a Drug development.
|
| 650 |
|
2 |
|a Antimicrobial Peptides
|
| 650 |
|
2 |
|a Drug Resistance
|
| 650 |
|
6 |
|a Antibiotiques peptidiques.
|
| 650 |
|
6 |
|a Résistance aux médicaments.
|
| 650 |
|
6 |
|a Médicaments
|x Développement.
|
| 650 |
|
7 |
|a Drug development
|2 fast
|
| 650 |
|
7 |
|a Drug resistance
|2 fast
|
| 650 |
|
7 |
|a Peptide antibiotics
|2 fast
|
| 655 |
|
7 |
|a Electronic books.
|2 local
|
| 700 |
1 |
|
|a Ajesh, K.,
|e editor.
|
| 700 |
1 |
|
|a Sreejith, K.,
|e editor.
|
| 710 |
2 |
|
|a ScienceDirect (Online service)
|
| 776 |
0 |
8 |
|i Print version:
|z 9780323856829
|
| 856 |
4 |
0 |
|u http://proxy.library.tamu.edu/login?url=https://www.sciencedirect.com/science/book/9780323856829
|z Connect to the full text of this electronic book
|t 0
|
| 955 |
|
|
|a Elsevier ScienceDirect 2026-2027
|
| 994 |
|
|
|a 92
|b TXA
|
| 999 |
f |
f |
|i 0ac2f000-949b-4c38-a71b-25f7df3c6374
|s 88dcaaac-b51b-4451-9ab6-147a4e2b9079
|t 0
|
| 952 |
f |
f |
|a Texas A&M University
|b College Station
|c Electronic Resources
|s www_evans
|d Available Online
|t 0
|e RS431.P37 A57 2023
|h Library of Congress classification
|
| 998 |
f |
f |
|a RS431.P37 A57 2023
|t 0
|l Available Online
|